000 00831nam a2200217Ii 4500
003 JO-AjNU
008 230605s9999||||xx |||||||||||||| ||und||
017 _a98/1717
020 _a977-5682-07-X
040 _aJO-AjNU
_bara
_erda
_cJO-AjNU
041 _aara
050 1 4 _aBP173.758.K3364 2001
100 3 _aالكفراوي، عوف محمود,
_eauthor
_932102
245 0 0 _aالبنوك الإسلامية : النقود والبنوك في النظام الإسلامي
264 3 1 _aالاسكندرية: مركز الاسكندرية للكتاب، 2001
300 _a429ص
_bالمراجع العربية(ص407-429)
336 _atext
_btxt
_2rdacontent
337 _aunmediated
_bn
_2rdamedia
338 _avolume
_bnc
_2rdacarrier
650 4 _aالبنوك الاسلامية- الاقتصاد الاسلامي
_932103
999 _aA12921
_c16489
_d16489